| 000 | 00732nam a2200205Ia 4500 | ||
|---|---|---|---|
| 001 | 13174 | ||
| 003 | GE_BSU | ||
| 008 | 181216s||||||||xx |||||||||||||| ||und|| | ||
| 040 | _cGE_BSU | ||
| 080 | _a63 | ||
| 245 | _aСельское хозяйство и аграрные отношения. т.2 | ||
| 245 | _bО ликвидации временнобязанных и хизанских отношении | ||
| 245 | _cСост. Гугушвили.Ред.Е.Д.Какабадзе | ||
| 260 | _aТбилиси | ||
| 260 | _bИзд-во АН Грузинской ССР | ||
| 260 | _c1955 | ||
| 300 | _a855стр.27см. | ||
| 653 | _aСельское хозяйство и аграрные отношения | ||
| 942 | _cBK | ||
| 999 |
_c46338 _d46338 |
||